| 000 | 00387nam a2200157Ia 4500 | ||
|---|---|---|---|
| 008 | 221030s9999 xx 000 0 und d | ||
| 020 | _a8122005128 | ||
| 041 | _aEnglish | ||
| 082 |
_a105.23 _bAga |
||
| 100 | _aH. S. Agarwal | ||
| 245 | 0 |
_aModern Micro - Economics _cby H. S. Agarwal |
|
| 260 |
_bKonark Pub. _aNew Delhi _c2001 |
||
| 300 | _a775 | ||
| 650 | _aBE Economics | ||
| 942 | _cBK | ||
| 999 |
_c7081 _d7081 |
||